Famous Coaches by Clue 🏀🏈⚾️⚽️🏒 - Statistics

General Stats
  • This quiz has been taken 13 times
  • The average score is 13 of 21
Answer Stats
Life Hint Coach % Correct
1913–1970 Packers legend whose name is on the Super Bowl trophy Vince Lombardi
92%
1952– Hooded Patriots dynasty coach with six Super Bowl wins as head coach Bill Belichick
83%
1930–2020 Winningest NFL coach; led the undefeated 1972 Dolphins Don Shula
83%
1936–2021 Raiders Super Bowl coach turned broadcaster and video game namesake John Madden
83%
1951– Alabama dynasty coach with seven top-division college football titles Nick Saban
83%
1949– Spurs coach nicknamed “Pop” who won five NBA titles Gregg Popovich
75%
1910–2010 UCLA’s “Wizard of Westwood” with 10 NCAA men’s basketball titles John Wooden
75%
1947– Duke men's basketball legend with five NCAA titles and short nickname Mike Krzyzewski
75%
1945– “Zen Master” who coached Jordan’s Bulls and Kobe/Shaq’s Lakers Phil Jackson
75%
1913–1983 Houndstooth-hat Alabama football legend Bear Bryant
67%
1940–2023 Volcanic Indiana basketball coach nicknamed “the General” Bobby Knight
67%
1926–2012 Longtime Penn State football coach known as “JoePa” Joe Paterno
58%
1940– Yankees manager of the late-1990s dynasty Joe Torre
58%
1952–2016 Tennessee Lady Vols icon with eight NCAA women’s basketball titles Pat Summitt
58%
1927–2021 Larger-than-life Dodgers manager who bled Dodger blue Tommy Lasorda
50%
1937–2003 Coach of the 1980 U.S. Olympic “Miracle on Ice” hockey team Herb Brooks
42%
1941– Manchester United manager who won 13 Premier League titles Alex Ferguson
33%
1963– “The Special One,” a trophy-winning soccer manager famous for mind games José Mourinho
33%
1971– Coached Messi’s Barcelona and dominant Manchester City teams Pep Guardiola
33%
1933– Record-setting NHL coach with nine Stanley Cups as head coach Scotty Bowman
25%
1946– New Zealand All Blacks coach who won the 2011 Rugby World Cup Graham Henry
8%
No matching quizzes found
Score Distribution
Percent of People with Each Score
Percentile by Number Answered
Your Score History
You have not taken this quiz